| 000 | 00992pam a2200289 a 4500 | ||
|---|---|---|---|
| 001 | 3978587 | ||
| 003 | OSt | ||
| 005 | 20221110151948.0 | ||
| 008 | 950403s1995 nyua b 001 0 eng | ||
| 010 | _a 95016000 | ||
| 020 | _a0412064510 (alk. paper) | ||
| 040 |
_aDLC _cDLC _dDLC |
||
| 050 | 0 | 0 |
_aTP370 _b.P58 1995 |
| 082 | 0 | 0 |
_a664 _220 _bPOT/F |
| 100 | 1 |
_aPotter, Norman N. _99218 |
|
| 245 | 1 | 0 |
_aFood science / _cNorman N. Potter, Joseph H. Hotchkiss. |
| 250 | _a5th ed. | ||
| 260 |
_aNew York : _bChapman & Hall, _cc1995. |
||
| 300 |
_axiii, 608 p. : _bill. ; _c27 cm. |
||
| 440 | 0 | _aFood science texts series | |
| 504 | _aIncludes bibliographical references and index. | ||
| 650 | 0 | _aFood industry and trade. | |
| 700 | 1 | _aHotchkiss, Joseph H. | |
| 906 |
_a7 _bcbc _corignew _d1 _eocip _f19 _gy-gencatlg |
||
| 942 |
_2ddc _cBK _h664 _iPOT/F _k664 _mPOT/F |
||
| 999 |
_c41688 _d41688 |
||